Statistics for OFC Women's Nations Cup Top 4 Positions

Click here to take the quiz!

General Stats

  • This quiz has been taken 52 times
  • The average score is 7 of 10

Answer Stats

Answer% Correct
New Zealand
100%
Australia
97%
Papua New Guinea
94%
Fiji
92%
Solomon Islands
86%
Samoa
78%
Tonga
72%
New Caledonia
50%
Cook Islands
39%
Taiwan
25%

Score Distribution

Percentile by Number Answered

Percent of People with Each Score

Your Score History

You have not taken this quiz